000 00963nam a2200253 a 4500
001 BRCA_1104
005 20190320203300.0
008 990911s1999 mx-a---##b---f000-0#spa-#
020 _a9701813820
040 _aDLC
_cDLC
_dDLC
050 4 _aF1234.M4
_b.P56 1999
245 1 0 _aEl origen del reino de la Nueva España, 1680-1750.
260 _a[México]
_bPatronato del Museo Nacional de Arte : Banamex : CONACULTA : INBA
_c1999
300 _a319 p.
_bil. (algunas a color)
_c32 cm.
440 0 _aLos pinceles de la historia
_93636
500 _aCatálogo de la exposición realizada en el Museo Nacional de Arte, junio - octubre, 1999
500 _aIncluye índice de ilustraciones
504 _aBibliografía: p. 274-283
650 1 4 _aArte colonial
_vExposiciones
_zMéxico
_93637
650 1 4 _aArte mexicano
_vExposiciones
_93638
651 4 _aMéxico
_xHistoria
_yColonia española, 1540-1810
_9394
651 4 _aNueva España
_xHistoria
_93639
942 _2lcc
_cB
999 _c983
_d983